市のみを通る鉄道路線 - Statistics

General Stats
  • This quiz has been taken 271 times
    254 since last reset
  • The average score is 85 of 150
Answer Stats
路線名 通る市 % Correct
日光線 宇都宮市、鹿沼市、日光市
85%
武蔵野線 船橋市、市川市、松戸市、流山市、三郷市、吉川市、越谷市、川口市、さいたま市、朝霞市、新座市、清瀬市、所沢市、東村山市、小平市、国分寺市、府中市
85%
千歳線 札幌市、北広島市、恵庭市、千歳市、苫小牧市
82%
仙山線 仙台市、山形市
82%
男鹿線 潟上市、男鹿市
81%
東武野田線 さいたま市、春日部市、野田市、流山市、柏市、鎌ケ谷市、松戸市、船橋市
81%
両毛線 前橋市、伊勢崎市、みどり市、桐生市、足利市、佐野市、栃木市、小山市
80%
横浜線 横浜市、町田市、相模原市、八王子市
80%
水戸線 小山市、結城市、筑西市、桜川市、笠間市
78%
関東鉄道常総線 取手市、守谷市、つくばみらい市、常総市、下妻市、筑西市
76%
川越線 さいたま市、川越市、日高市
76%
東金線 大網白里市、東金市、山武市
75%
南武線 立川市、国立市、府中市、稲城市、川崎市、横浜市
75%
鹿島線 香取市、潮来市、鹿嶋市
74%
久留里線 木更津市、袖ケ浦市、君津市
73%
江ノ島電鉄 藤沢市、鎌倉市
73%
山田線 盛岡市、宮古市
72%
東武佐野線 館林市、佐野市
72%
流鉄流山線 松戸市、流山市
71%
相鉄本線 横浜市、大和市、海老名市
71%
新京成電鉄新京成線 松戸市、鎌ケ谷市、船橋市、習志野市
70%
横須賀線 鎌倉市、逗子市、横須賀市
70%
伊東線 熱海市、伊東市
70%
東葉高速鉄道 船橋市、八千代市
68%
京成千葉線 習志野市、千葉市
68%
五日市線 昭島市、福生市、あきる野市
68%
小田急江ノ島線 相模原市、大和市、藤沢市
68%
花輪線 盛岡市、八幡平市、鹿角市、大館市
67%
西武拝島線 小平市、東村山市、東大和市、立川市、昭島市
67%
西武国分寺線 国分寺市、小平市、東村山市
66%
京急逗子線 横浜市、逗子市
66%
大船渡線 一関市、気仙沼市
65%
東武桐生線 太田市、みどり市、桐生市
65%
多摩都市モノレール 東大和市、立川市、日野市、八王子市、多摩市
65%
京王相模原線 調布市、川崎市、稲城市、多摩市、八王子市、町田市、相模原市
65%
横浜市営地下鉄ブルーライン 横浜市、藤沢市
65%
氷見線 高岡市、氷見市
65%
阪急宝塚本線 大阪市、豊中市、池田市、川西市、宝塚市
65%
京成千原線 千葉市、市原市
64%
北陸本線 米原市、長浜市、敦賀市
64%
京阪本線 大阪市、守口市、門真市、寝屋川市、枚方市、八幡市、京都市
64%
小田急多摩線 川崎市、多摩市
63%
相鉄いずみ野線 横浜市、藤沢市
63%
京急久里浜線 横須賀市、三浦市
63%
湘南モノレール 鎌倉市、藤沢市
63%
名鉄瀬戸線 名古屋市、尾張旭市、瀬戸市
63%
近鉄大阪線 大阪市、東大阪市、八尾市、柏原市、香芝市、大和高田市、橿原市、桜井市、宇陀市、名張市、伊賀市、津市、松阪市
63%
阪急神戸本線 大阪市、豊中市、尼崎市、西宮市、芦屋市、神戸市
63%
福知山線 尼崎市、伊丹市、川西市、宝塚市、西宮市、神戸市、三田市、丹波篠山市、丹波市、福知山市
63%
湖西線 京都市、大津市、高島市
62%
西武多摩川線 武蔵野市、小金井市、府中市
61%
伊豆箱根鉄道大雄山線 小田原市、南足柄市
61%
白新線 新潟市、新発田市
61%
城端線 高岡市、砺波市、南砺市
61%
近鉄奈良線 東大阪市、生駒市、奈良市
61%
北大阪急行電鉄南北線 吹田市、豊中市、箕面市
61%
近鉄天理線 大和郡山市、天理市
60%
秋田内陸縦貫鉄道秋田内陸線 北秋田市、仙北市
59%
鶴見線 横浜市、川崎市
59%
愛知環状鉄道 春日井市、瀬戸市、豊田市、岡崎市
59%
境線 米子市、境港市
59%
わたらせ渓谷鉄道わたらせ渓谷線 桐生市、みどり市、日光市
58%
西武多摩湖線 国分寺市、小平市、東村山市、東大和市
58%
京都市営地下鉄東西線 京都市、宇治市
58%
阪神本線 大阪市、尼崎市、西宮市、芦屋市、神戸市
58%
大阪モノレール線 池田市、豊中市、吹田市、茨木市、摂津市、守口市、門真市
58%
赤穂線 相生市、赤穂市、備前市、瀬戸内市、岡山市
58%
宇部線 山口市、宇部市
58%
沖縄都市モノレール 那覇市、浦添市
58%
Osaka Metro御堂筋線 吹田市、大阪市、堺市
58%
名鉄豊田線 日進市、みよし市、豊田市
57%
伊勢鉄道伊勢線 四日市市、鈴鹿市、津市
57%
加古川線 加古川市、小野市、加東市、西脇市、丹波市
57%
芸備線 広島市、安芸高田市、三次市、庄原市、新見市
57%
小野田線 宇部市、山陽小野田市
57%
北越急行ほくほく線 上越市、十日町市、南魚沼市
56%
太多線 美濃加茂市、可児市、多治見市
56%
名鉄常滑線 名古屋市、東海市、知多市、常滑市
56%
名鉄西尾線 安城市、西尾市
56%
近鉄志摩線 鳥羽市、志摩市
56%
近鉄けいはんな線 東大阪市、生駒市、奈良市
56%
京阪交野線 枚方市、交野市
56%
京阪宇治線 京都市、宇治市
56%
Osaka Metro中央線 大阪市、東大阪市
56%
名鉄小牧線 名古屋市、春日井市、小牧市、犬山市
55%
近鉄鳥羽線 伊勢市、鳥羽市
55%
阪急箕面線 池田市、箕面市
55%
えちごトキめき鉄道日本海ひすいライン 上越市、糸魚川市
54%
阪急伊丹線 尼崎市、伊丹市
54%
美祢線 山陽小野田市、美祢市、長門市
54%
上毛電気鉄道上毛線 前橋市、桐生市、みどり市
53%
名鉄各務原線 犬山市、各務原市、岐阜市
53%
名鉄津島線 清須市、あま市、愛西市、津島市
53%
名鉄蒲郡線 西尾市、蒲郡市
53%
近鉄長野線 羽曳野市、富田林市、河内長野市
53%
近鉄御所線 葛城市、御所市
53%
阪急千里線 大阪市、吹田市
53%
舞鶴線 綾部市、舞鶴市
53%
唐津線 小城市、多久市、唐津市
53%
指宿枕崎線 鹿児島市、指宿市、南九州市、枕崎市
53%
Osaka Metro長堀鶴見緑地線 大阪市、門真市
53%
根岸線 横浜市、鎌倉市
52%
えちごトキめき鉄道妙高はねうまライン 上越市、妙高市
52%
阪急今津線 西宮市、宝塚市
52%
京阪京津線 京都市、大津市
51%
阪神なんば線 大阪市、尼崎市
51%
おおさか東線 大阪市、吹田市、東大阪市、八尾市
51%
桜井線 奈良市、天理市、桜井市、橿原市、大和高田市
51%
吉備線 岡山市、総社市
51%
岩徳線 岩国市、周南市、下松市
51%
Osaka Metro谷町線 守口市、大阪市、八尾市
51%
越美北線 福井市、大野市
50%
名鉄三河線 豊田市、知立市、刈谷市、高浜市、碧南市
49%
愛知高速交通東部丘陵線 名古屋市、長久手市、豊田市
49%
島原鉄道 諫早市、雲仙市、島原市
49%
日南線 宮崎市、日南市、串間市、志布志市
49%
神戸電鉄三田線 神戸市、三田市
48%
筑肥線 福岡市、糸島市、唐津市、伊万里市
48%
明知鉄道明知線 恵那市、中津川市
47%
三角線 宇土市、宇城市
47%
Osaka Metro今里筋線 大阪市、守口市
47%
万葉線 高岡市、射水市
46%
豊橋鉄道渥美線 豊橋市、田原市
46%
名松線 松阪市、津市
46%
JR東海交通事業城北線 清須市、名古屋市、春日井市
46%
名古屋市営地下鉄鶴舞線 名古屋市、日進市
44%
泉北高速鉄道泉北線 堺市、和泉市
44%
阪堺電気軌道阪堺線 大阪市、堺市
44%
広島電鉄宮島線 広島市、廿日市市
44%
近鉄道明寺線 藤井寺市、柏原市
43%
神戸電鉄粟生線 神戸市、三木市、小野市
43%
名鉄尾西線 一宮市、稲沢市、愛西市、津島市、弥富市
42%
北条鉄道北条線 小野市、加西市
42%
近江鉄道八日市線 東近江市、近江八幡市
40%
後藤寺線 飯塚市、嘉麻市、田川市
40%
北陸鉄道石川線 金沢市、野々市市、白山市
39%
えちぜん鉄道三国芦原線 福井市、坂井市、あわら市
39%
福井鉄道福武線 福井市、鯖江市、武生市
39%
和歌山電鐵貴志川線 和歌山市、紀の川市
39%
京都丹後鉄道宮福線 福知山市、舞鶴市、宮津市
39%
京都丹後鉄道宮舞線 舞鶴市、宮津市
37%
嵯峨野観光鉄道嵯峨野観光線 京都市、亀岡市
35%
琴電志度線 高松市、さぬき市
35%
博多南線 福岡市、春日市
32%
大阪モノレール彩都線 吹田市、茨木市、箕面市
31%
神戸電鉄公園都市線 三田市、神戸市
27%
一畑電車北松江線 出雲市、松江市
27%
伊予鉄道横河原線 松山市、東温市
27%
筑豊電気鉄道 北九州市、中間市、直方市
26%
熊本電気鉄道菊池線 熊本市、合志市
22%
No matching quizzes found
Score Distribution
Percent of People with Each Score
Percentile by Number Answered
Your Score History
You have not taken this quiz since the last reset